The Dream /
The novel revolves around a man from the future whose brief afternoon nap is vividly tinged with the dream he has of a man from the past. Utopian in its entirety, the book touches upon various topics like ridiculing Victorian morals and beliefs, expressing optimism towards the future, and unquestion...
Uloženo v:
| Hlavní autor: | |
|---|---|
| Médium: | E-kniha |
| Jazyk: | Czech |
| Vydáno: |
Praha :
Saga Egmont,
2020
|
| Tagy: |
Žádné tagy |
| LEADER | 01401nam a22002297i 4500 | ||
|---|---|---|---|
| 001 | 312240 | ||
| 007 | ta | ||
| 008 | 260601s2020 xr ||||| |||| 00| 0 cze d | ||
| 020 | |a 9990003948533 | ||
| 044 | |a xr | ||
| 100 | 1 | |a Wells, H. G. |4 aut | |
| 245 | 1 | 0 | |a The Dream / |c Wells, H. G. |
| 264 | 1 | |a Praha : |b Saga Egmont, |c 2020 | |
| 300 | |a 1 online zdroj (184 stran) | ||
| 336 | |a text |b txt |2 rdacontent | ||
| 337 | |a bez média |b n |2 rdamedia | ||
| 338 | |a online zdroj |b cr |2 rdacarrier | ||
| 520 | 2 | |a The novel revolves around a man from the future whose brief afternoon nap is vividly tinged with the dream he has of a man from the past. Utopian in its entirety, the book touches upon various topics like ridiculing Victorian morals and beliefs, expressing optimism towards the future, and unquestioning trust in progress as the most important feature there is. "The Dream" reads as a dream that goes both ways – towards the future and the past alike, painting a satirical picture of mankind's absurdity and naïve optimism. | |
| 910 | |a RBIT002 | ||
| 998 | |d 394853 |a https://core.palmknihy.cz/api/books/394853/cover?t4yb19 |b https://core.palmknihy.cz/api/books/394853/cover/400?t4yb19 |c https://core.palmknihy.cz/api/books/394853/cover/50?t4yb19 |e |g 184 |i 9990003948533 |j https://core.palmknihy.cz/api/books/394853/preview.epub |l |q 49 |r 1 |s https://www.palmknihy.cz/kniha/394853 |t ebook |y 2020 |z 1 | ||
| 999 | |d 312238 | ||